Statistics for Largest states in history

Click here to take the quiz!

General Stats

  • This quiz has been taken 15 times
  • The average score is 39 of 100

Answer Stats

DatesAnswerMaximum land area% Correct
1299–1922Ottoman Empire5,20
100%
1991–Russia17,10
100%
1901–Australia7,69
93%
1497–1997British Empire35,50
93%
1867–Canada9,98
93%
1822–1889Empire of Brazil8,34
93%
1889–Federative Republic of Brazil8,52
93%
1949–Popular Republic of China9,60
93%
1912–1949Republic of China11,36
93%
27 BC–395 CERoman Empire5,00
93%
1917–1991Soviet Union22,40
93%
1776–United States10,10
93%
1816–Argentina2,78
87%
1534–1814First French colonial empire3,40
87%
1884–1918German colonial empire3,15
87%
1882–1947Italian Empire3,83
87%
1947–Republic of India3,29
87%
1492–1898Spanish Empire13,70
87%
1602–1975Dutch Empire2,10
80%
1868–1945Japan7,40-8,51
80%
1804–1815First French Empire2,10
73%
1991–Kazakhstan2,72
73%
359–323 BCEMacedonian Empire5,20
73%
1830–1962Second French colonial empire11,50
73%
1822–1999Third Portuguese Empire2,10
73%
550–330 BCEAchaemenid Empire5,50
67%
1962–Algeria2,38
67%
1960–Democratic Republic of the Congo2,35
67%
1206–1298Mongol Empire24,00
67%
1932–Saudi Arabia2,15
67%
351–394Former Qin2,00
60%
4th century–
6th century CE
Hunnic Empire4,00
60%
1438–1533Inca Empire2,00
60%
221–207 BCEQin dynasty2,30
60%
1908–1962Belgian colonial empire2,37
53%
395–1453Byzantine Empire2,70
53%
1821–1823First Mexican Empire4,43
53%
1368–1644Ming dynasty6,50
53%
1526–1857Mughal Empire4,00
53%
1536–1953Danish Empire3,00
47%
661–750Umayyad Caliphate11,10
47%
202 BCE–9 CEWestern Han dynasty6,00
47%
1819–1831Gran Colombia3,13
40%
1636–1912Qing dynasty14,70
40%
1721–1917Russian Empire22,80
40%
750–1258Abbasid Caliphate11,10
33%
25–220 CEEastern Han dynasty6,50
33%
618–848Tibetan Empire4,60
33%
1242–1502Golden Horde Khanate6,00
27%
960–1127Northern Song dynasty3,10
27%
1368–1635Northern Yuan dynasty5,00
27%
1127–1279Southern Song dynasty2,10
27%
618–690
705–907
Tang dynasty5,40
27%
1825–Bolivia2,36
20%
603–630Eastern Turkic Khaganate4,00
20%
552–603First Turkic Khaganate6,00
20%
1370–1507Timurid Empire4,40
20%
581-742Western Turkic Khaganate3,50
20%
1271–1368Yuan dynasty11,00
20%
1226–1347Chagatai Khanate3,50
13%
317–420Eastern Jin dynasty2,80
13%
1037–1194Great Seljuq Empire3,90
13%
1256–1335Ilkhanate3,75
13%
1115–1234Jin dynasty2,30
13%
880–1240Kievan Rus'2,10
13%
1674–1818Maratha Confederacy2,50
13%
247 BCE–224 CEParthian Empire2,80
13%
1501–1736Safavid empire2,90
13%
312–63 BCSeleucid Empire3,90
13%
581–619Sui dynasty3,00
13%
266 - 316Western Jin dynasty3,10
13%
603–657Western Xiongnu3,50
13%
9–23 ADXin dynasty4,70
13%
209 BCE–
1st century CE
Xiongnu Empire9,00
13%
916–1145Liao dynasty2,60
7%
1250–1517Mamluk Sultanate2,10
7%
322–184 BCEMaurya Empire3,4 - 5,0
7%
678–549 BCEMedian Empire2,80
7%
386–535Northern Wei2,00
7%
224–651Sasanian Empire3,50
7%
744–849Uyghur Khaganate3,10
7%
1121-1269Almohad Caliphate2,0 - 2,3
0%
220–266Cao Wei2,00
0%
1206 - 1526Delhi Sultanate3,20
0%
1637–1757Dzungar Khanate3,60
0%
909–1171Fatimid Caliphate4,10
0%
304–329Former Zhao2,00
0%
977–1186Ghaznavid Empire3,40
0%
786–1215Ghurid dynasty2,00
0%
256–100 BCEGreco-Bactrian Kingdom2,50
0%
150 BCE–400 CEIndo-Scythian Kingdom2,60
0%
1077-1231Khwarazmian Empire2,30
0%
30–375Kushan Empire2,00
0%
319–376Later Zhao2,50
0%
420–479Liu Song dynasty2,00
0%
632–661Rashidun Caliphate6,40
0%
330–550Rouran Khaganate2,80
0%
819–999Samanid Empire2,85
0%
1663–1822Second Portuguese Empire5,50
0%
93–234Xianbei state4,50
0%

Score Distribution

Percentile by Number Answered

Percent of People with Each Score

Your Score History

You have not taken this quiz